| 000 | 00438nam a2200133Ia 4500 | ||
|---|---|---|---|
| 008 | 220216s9999 xx 000 0 und d | ||
| 100 | _aAnn C K | ||
| 245 | 0 | _aShare and contract tapping in rubber smallholdings in Peninsular Malaysia | |
| 260 | _bProceedings of the International Rubber Conference, Kuala Lumpur, Malaysia, V.3. 1985; p516-526 | ||
| 650 | _aMalaysia | ||
| 650 | _aRubber smallholding | ||
| 700 | _aFee W L | ||
| 942 | _cJS | ||
| 999 |
_c68632 _d68632 |
||